Temas Atuais de Direito Constitucional

Bibliographic Details
Main Author: Pereira Garcia, Valdinei
Format: Book
Language:Portuguese
Published: Brasil LTR 2015
Subjects:
Online Access:Acceso restringido

MARC

LEADER 00000nam a22000007a 4500
005 20160413114352.0
007 cr|||| ||
008 160413s2015 bl ||||| |||| 00||0 por d
020 |a 978-85-361-8689-4 
035 |a 14085 
040 |a vLex 
090 |c 5976  |d 5976 
100 1 |a Pereira Garcia, Valdinei 
245 1 0 |a  Temas Atuais de Direito Constitucional  |h [Recurso electrn̤ico] /  |c Valdinei Pereira Garcia 
256 |a Servicio en ln̕ea  
260 |a Brasil   |b LTR  |c 2015 
300 |a 1 recurso electrn̤ico  
500 |a Artigos elaborados durante o Programa de Cursos Intensivos para o doutorado da Facultad de Derecho de la Universidad de Buenos Aires (UBA) 
506 1 |a Contenido solo disponible en los productos indicados   |d vLex Global  |d vLex Global (Academic Edition, excluding Law Schools)  |d vLex Global (U.S. Academic Edition, Law Schools)  |d vLex Global (U.S. Academic Edition, excluding Law Schools)  |d vLex Global (Academic Edition, Law Schools) 
650 0 4 |a Derecho constitucional  |z Brasil  
740 0 |a vLex libros (servicio en ln̕ea) 
856 4 0 |u http://vlex.com/source/temas-atuais-direito-constitucional-14085  |z Acceso restringido  
942 |c BOOK 
999 0 |a Constitutional law  |b Brasil